000 00554nam a2200229 a 4500
001 nice12345678
003 IN_TiNIC
005 20260116012419.0
008 050524s1956 dela grp 000 0 eng
020 _a
_c100
082 0 0 _a954
_bRRD
245 _aIndia
_b Reference Annual, 1956
260 _aDelhi
_bGovt.Of India
_c1956
300 _a592p
500 _aincludes index and biblioraphy
505 2 _aIndex
650 _aIndia-Annual-1956
710 2 _aResearch and Reference Division
902 _bSRS
942 _cBK
999 _c6929
_d6929